[Event "Baku Open 2024"]
[Site "Baku"]
[Date "2024.07.04"]
[Round "6.43"]
[White "Ghoreishi Amiri, Seyed Kian"]
[Black "Davudov, Tunar"]
[Result "0-1"]
[WhiteElo "2126"]
[BlackElo "2249"]
[Annotator "TA"]
[PlyCount "78"]
[EventDate "2024.06.29"]
[EventType "swiss"]
[EventCountry "AZE"]
[SourceTitle "playchess.com"]
[Source "ChessBase"]
[SourceQuality "1"]
[TimeControl "5400+30"]

{[%evp 18,78,22,0,3,0,15,-17,-8,-4,-12,-10,-10,0,0,-38,0,-7,32,41,105,85,133,141,136,112,140,131,145,127,104,102,114,-229,-239,-243,-241,-241,-241,-242,-232,-644,-493,-464,-253,-443,-292,-292,-292,-983,-929,-1150,-1086,-2127,-2178,-5410,-5293,-29989,-29990,-29990,-29991,-29991,-29992]} 1. e4 {[%emt 0:00:03]} c5 {[%emt 0:00:19]} 2. Nf3 {[%emt 0:00:05]} e6 {[%emt 0:00:12]} 3. g3 {[%emt 0:00:00]} Nc6 {[%emt 0:00:51]} 4. Bg2 {[%emt 0:00:16]} d5 {[%emt 0:00:14]} 5. exd5 {[%emt 0:00:30]} exd5 {[%emt 0:00:05]} 6. d4 {[%emt 0:00:08]} Nf6 {[%emt 0:00:22]} 7. O-O {[%emt 0:00:31]} Be7 {[%emt 0:00:06]} 8. Nc3 {[%emt 0:01:29]} O-O {[%emt 0:01:56]} 9. Bg5 {[%emt 0:06:46]} cxd4 {[%emt 0:04:19]} 10. Nxd4 {[%emt 0:00:57]} h6 {[%emt 0:07:03]} 11. Bf4 {[%emt 0:02:05]} Qb6 {[%emt 0:09:14]} 12. Nb3 {[%emt 0:09:03]} d4 {[%emt 0:07:28] The position is equal.} 13. Nd5 {[%emt 0:06:32]} Nxd5 {[%emt 0:03:14]} 14. Bxd5 {[%emt 0:00:43]} Bh3 {[%emt 0:03:09]} 15. Re1 {[%emt 0:02:33] Hoping for Qh5.} Bb4 {[%emt 0:02:31]} 16. Nd2 {[%emt 0:02:37]} Qa5 {[%emt 0:07:29]} 17. Be4 {[%emt 0:06:49]} Be6 {[%emt 0:12:59]} 18. a3 {[%emt 0:02:02]} Be7 {[%emt 0:00:51]} (18... Bxd2 $1 $14 19. Qxd2 (19. Bxd2 Qc7 $11) 19... Qxd2 20. Bxd2 Rfd8) 19. Nb3 Bxb3 {[%emt 0:12:33]} (19... Qd8 $142) 20. cxb3 $16 {[%emt 0:04:16] Bxc6 would now be deadly.} Bf6 {[%emt 0:05:04]} 21. b4 {[%emt 0:03:04]} Qb5 {[%emt 0:01:05]} 22. Rc1 {[%emt 0:04:19] And now Qg4 would win.} Rfe8 {[%emt 0:02:13]} 23. Rc5 {[%emt 0:03:38] Dodges Ne5} Qb6 {[%emt 0:00:02] Black is weak on the light squares} 24. Qh5 {[%emt 0:00:50] Threatens to win with Qf5.} Re6 {[%emt 0:06:27]} 25. b5 $2 {[%emt 0:04:20][%mdl 8192] This move loses the game for White.} (25. Rb5 $16 {and life is bright.} Qa6 26. Rd5) 25... g6 $1 $19 {[%emt 0:02:59]} 26. Qd5 {[%emt 0:02:39] [#]} Rd8 $1 {[%emt 0:00:51]} 27. Qc4 {[%emt 0:04:00] [#]} Na5 {[%emt 0:00:06]} 28. Qb4 {[%emt 0:01:22][%cal Of4c7] Strongly threatening Bc7!} Be7 {[%emt 0:00:55]} 29. Qa4 $2 {[%emt 0:02:15]} (29. Bc7 Bxc5 30. Qxa5 Qxa5 31. Bxa5) 29... Qxc5 {[%emt 0:02:29]} 30. Qxa5 {[%emt 0:00:08]} Qb6 {[%emt 0:01:51]} (30... d3 $142 31. Be3 Qc2) 31. Qd2 $2 {[%emt 0:00:31]} (31. Qxb6 axb6 (31... Rxb6 32. Bc7 $11) 32. Kf1) 31... Bg5 {[%emt 0:00:50]} ({But not} 31... Qxb5 32. h4 $19) 32. Bxg5 {[%emt 0:00:21]} hxg5 {[%emt 0:00:05]} 33. Qxg5 $2 {[%emt 0:00:31] [#]} (33. Bd3) 33... f5 $1 {[%emt 0:01:17][%mdl 512]} 34. h4 {[%emt 0:00:26]} (34. a4 fxe4) 34... Rxe4 {[%emt 0:00:26]} 35. Rxe4 {[%emt 0:00:05]} fxe4 {[%emt 0:00:04]} 36. h5 {[%emt 0:00:02]} d3 {[%emt 0:00:13] ( -> ...d2)} 37. h6 {[%emt 0:00:12]} d2 {[%emt 0:00:16] Black mates.} 38. h7+ {[%emt 0:00:49]} Kxh7 {[%emt 0:00:08]} 39. Qe7+ {[%emt 0:00:05]} Kg8 {[%emt 0:00:04] Weighted Error Value: White=1.21/Black=0.32.  Loses game:     	White=1     	---        Mistake:       	White=3     	Black=2      Inaccurate:     	White=2     	Black=3      OK:         	White=11    	Black=6      Best:        	White=1     	Black=2      Strong:       	---       	Black=2} 0-1

[Event "Baku Open 2024"]
[Site "Baku"]
[Date "2024.07.04"]
[Round "6.44"]
[White "Allahverdiyeva, Ayan"]
[Black "Rebecca Jesumarian"]
[Result "1-0"]
[WhiteElo "2133"]
[BlackElo "1866"]
[Annotator "NA RC"]
[PlyCount "91"]
[EventDate "2024.06.29"]
[EventType "swiss"]
[EventCountry "AZE"]
[SourceTitle "playchess.com"]
[Source "ChessBase"]
[SourceQuality "1"]
[TimeControl "5400+30"]

1. e4 {[%emt 0:00:25]} c5 {[%emt 0:00:09]} 2. Nf3 {[%emt 0:00:05]} d6 {[%emt 0:00:03]} 3. d4 {[%emt 0:00:04]} cxd4 {[%emt 0:00:03]} 4. Nxd4 {[%emt 0:00:03]} Nf6 {[%emt 0:00:05]} 5. Nc3 {[%emt 0:00:03]} a6 {[%emt 0:00:03]} 6. h3 {[%emt 0:00:27]} e5 {[%emt 0:00:28]} 7. Nb3 {[%emt 0:00:12]} Be7 {[%emt 0:00:19]} 8. g4 {[%emt 0:00:18]} h6 {[%emt 0:00:06]} 9. Be3 {[%emt 0:00:04]} Qc7 {[%emt 0:01:00]} 10. Qf3 {[%emt 0:05:59]} b5 {[%emt 0:02:33]} 11. Bd3 {[%emt 0:06:11]} Bb7 {[%emt 0:01:47]} 12. h4 {[%emt 0:01:32]} Nbd7 {[%emt 0:02:54]} 13. g5 {[%emt 0:00:23]} hxg5 {[%emt 0:00:22]} 14. hxg5 {[%emt 0:00:12]} Rxh1+ {[%emt 0:00:27]} 15. Qxh1 {[%emt 0:00:03]} Ng4 {[%emt 0:21:42]} 16. Bd2 {[%emt 0:02:01]} b4 {[%emt 0:01:41]} 17. Nd1 {[%emt 0:13:13]} d5 {[%emt 0:12:38]} 18. Be2 {[%emt 0:00:33]} dxe4 {[%emt 0:02:44]} 19. Bxg4 {[%emt 0:01:13]} Nf8 {[%emt 0:02:42]} 20. Ne3 {[%emt 0:01:27]} a5 {[%emt 0:04:45]} 21. Qh8 {[%emt 0:03:39]} g6 {[%emt 0:02:55]} 22. Be2 {[%emt 0:04:11]} Bc6 {[%emt 0:01:24]} 23. Nc4 {[%emt 0:01:00]} a4 {[%emt 0:01:47]} 24. Qxe5 {[%emt 0:02:03]} Qxe5 {[%emt 0:06:31]} 25. Nxe5 {[%emt 0:00:06]} Bd5 {[%emt 0:00:16]} 26. Nd4 {[%emt 0:00:13]} Bc5 {[%emt 0:00:39]} 27. Ndc6 {[%emt 0:01:28]} a3 {[%emt 0:03:58]} 28. b3 {[%emt 0:01:16]} Ne6 {[%emt 0:02:23]} 29. Nxb4 {[%emt 0:02:58]} Bb7 {[%emt 0:01:41]} 30. Bb5+ {[%emt 0:02:06]} Ke7 {[%emt 0:00:21]} 31. Nbc6+ {[%emt 0:00:21]} Kd6 {[%emt 0:00:27]} 32. Rd1 {[%emt 0:00:39]} Bxc6 {[%emt 0:01:23]} 33. Nxc6 {[%emt 0:00:31]} Kc7 {[%emt 0:00:47]} 34. b4 {[%emt 0:01:48]} Bd6 {[%emt 0:00:38]} 35. Be3 {[%emt 0:00:53]} Rh8 {[%emt 0:00:38]} 36. c3 {[%emt 0:00:53]} Rh5 {[%emt 0:00:37]} 37. Nd4 {[%emt 0:01:40]} Nf4 {[%emt 0:01:49]} 38. Bf1 {[%emt 0:01:13]} Be5 {[%emt 0:00:31]} 39. Bxf4 {[%emt 0:01:01]} Bxf4 {[%emt 0:00:05]} 40. Nb5+ {[%emt 0:00:02]} Kb6 {[%emt 0:00:13]} 41. Nxa3 {[%emt 0:00:20]} Bxg5 {[%emt 0:00:20]} 42. Rd7 {[%emt 0:00:19]} Bh4 {[%emt 0:01:46]} 43. Rxf7 {[%emt 0:00:25]} e3 {[%emt 0:00:05]} 44. Nc4+ {[%emt 0:00:06]} Kc6 {[%emt 0:00:13]} 45. Bg2+ {[%emt 0:00:12]} Kb5 {[%emt 0:00:55]} 46. Nxe3 {[%emt 0:01:12]} 1-0

[Event "Baku Open 2024"]
[Site "Baku"]
[Date "2024.07.06"]
[Round "8.36"]
[White "Bayramov, Elvin"]
[Black "Galaktionov, Artem"]
[Result "0-1"]
[WhiteElo "2155"]
[BlackElo "2358"]
[Annotator "TA"]
[PlyCount "70"]
[EventDate "2024.06.29"]
[EventType "swiss"]
[EventCountry "AZE"]
[SourceTitle "playchess.com"]
[Source "ChessBase"]
[SourceQuality "1"]

1. e4 c6 2. d4 d5 3. Nc3 dxe4 4. Nxe4 Nf6 5. Ng3 h5 6. Nf3 h4 7. Ne2 Bg4 8. Ne5 Bf5 9. Nf4 Nbd7 10. Bd3 Bxd3 11. Nfxd3 h3 12. O-O hxg2 13. Re1 e6 14. Bf4 Nxe5 15. Bxe5 Bd6 16. c4 Bxe5 17. Nxe5 Rh4 18. Qb3 Qc7 19. d5 Ne4 20. d6 Nxd6 21. Nf3 Rh8 22. c5 Nf5 23. Qd3 Nh4 24. Ne5 Rd8 25. Qg3 Nf5 26. Qc3 Ke7 27. Re4 Rd5 28. Rae1 Kd8 29. Kxg2 Kc8 30. b4 f6 31. Ng4 Nh4+ 32. Kf1 f5 33. Rxe6 fxg4 34. Re7 Qxh2 35. Qxg7 Qh3+ 0-1

[Event "Baku Open 2024"]
[Site "Baku"]
[Date "2024.07.06"]
[Round "8.37"]
[White "Voinikonis, Nikita"]
[Black "Raahul V S"]
[Result "1/2-1/2"]
[WhiteElo "2129"]
[BlackElo "2314"]
[Annotator "TA"]
[PlyCount "66"]
[EventDate "2024.06.29"]
[EventType "swiss"]
[EventCountry "AZE"]
[SourceTitle "playchess.com"]
[Source "ChessBase"]
[SourceQuality "1"]

1. d4 f5 2. g3 Nf6 3. Bg2 e6 4. Nh3 d5 5. O-O Bd6 6. c4 c6 7. Qc2 O-O 8. Bf4 Qe7 9. Nd2 Bd7 10. Bxd6 Qxd6 11. c5 Qe7 12. f4 Be8 13. b4 Bh5 14. e3 Nbd7 15. Nf2 Ne4 16. Ndxe4 fxe4 17. g4 Bf7 18. g5 Bh5 19. Nh1 h6 20. Ng3 Bg4 21. h3 Bf5 22. h4 hxg5 23. hxg5 Kf7 24. Kf2 Rh8 25. Rh1 Bg4 26. Rxh8 Rxh8 27. Rh1 Rxh1 28. Nxh1 Qd8 29. Qb1 b6 30. Ng3 Qb8 31. Qb3 Ke7 32. Qa4 bxc5 33. bxc5 Qb2+ 1/2-1/2

[Event "Baku Open 2024"]
[Site "Baku"]
[Date "2024.07.06"]
[Round "8.38"]
[White "Dolgun, Can"]
[Black "Abdinova, Narmin"]
[Result "1-0"]
[WhiteElo "2264"]
[BlackElo "2121"]
[Annotator "TA"]
[PlyCount "123"]
[EventDate "2024.06.29"]
[EventType "swiss"]
[EventCountry "AZE"]
[SourceTitle "playchess.com"]
[Source "ChessBase"]
[SourceQuality "1"]

1. d4 Nf6 2. Nf3 e6 3. g3 c5 4. c4 cxd4 5. Nxd4 d5 6. Bg2 e5 7. Nf3 d4 8. O-O Nc6 9. e3 Be7 10. exd4 exd4 11. Bf4 O-O 12. Na3 Bxa3 13. bxa3 Bf5 14. Qb3 Qb6 15. Ne5 Rac8 16. Rac1 Rfe8 17. Nxc6 bxc6 18. c5 Qxb3 19. axb3 Ne4 20. Bf3 Nc3 21. Rfe1 Be6 22. Be5 Bxb3 23. Bxd4 Nb5 24. Rxe8+ Rxe8 25. Be3 Bd5 26. Bxd5 cxd5 27. a4 Nc7 28. c6 a6 29. Bf4 Rc8 30. Rb1 Kf8 31. Rb7 Ne8 32. Rb6 a5 33. Bd2 Ke7 34. Bxa5 Ke6 35. Bc3 g6 36. a5 d4 37. Bxd4 Kd5 38. Be3 Rxc6 39. Rxc6 Kxc6 40. a6 Nc7 41. a7 Kb7 42. Kg2 Kc6 43. Kf3 Kd5 44. Bb6 Na8 45. Ba5 f6 46. Bd8 Ke5 47. Ke3 f5 48. h3 h6 49. h4 Kd5 50. Kd3 Kc5 51. Kc3 Kd5 52. Kb4 Kd4 53. Kb5 Kd5 54. Ka6 Kc6 55. Ba5 g5 56. hxg5 hxg5 57. f3 f4 58. g4 Kd6 59. Kb7 Kd7 60. Kxa8 Kc8 61. Bd8 Kxd8 62. Kb7 1-0

[Event "Baku Open 2024"]
[Site "Baku"]
[Date "2024.07.06"]
[Round "8.40"]
[White "Alizada, Pasham"]
[Black "Nurgali, Nazerke"]
[Result "1-0"]
[WhiteElo "2070"]
[BlackElo "2252"]
[Annotator "TA"]
[PlyCount "81"]
[EventDate "2024.06.29"]
[EventType "swiss"]
[EventCountry "AZE"]
[SourceTitle "playchess.com"]
[Source "ChessBase"]
[SourceQuality "1"]

1. e4 c5 2. Nf3 e6 3. d4 cxd4 4. Nxd4 Nf6 5. Nc3 Nc6 6. Nxc6 bxc6 7. e5 Nd5 8. Ne4 Qc7 9. f4 Qb6 10. c4 Ne3 11. Qd3 Nf5 12. b3 h5 13. g3 Bb4+ 14. Bd2 Rb8 15. Bh3 Nd4 16. Bxb4 Qxb4+ 17. Kf2 c5 18. Rhd1 h4 19. g4 O-O 20. Ng5 g6 21. Ne4 a5 22. Rab1 Qb6 23. Nxc5 Nf5 24. gxf5 Qxc5+ 25. Qe3 Qxe3+ 26. Kxe3 exf5 27. Rd6 Kg7 28. Kd4 Rd8 29. a3 Bb7 30. Bf1 Kf8 31. c5 Ke7 32. Bc4 h3 33. Rd1 Rh8 34. Kc3 Bc6 35. Rf6 Rbf8 36. b4 Ba4 37. Rd4 Rh7 38. Ra6 Rhh8 39. b5 Ra8 40. Rxa8 Rxa8 41. Bf1 1-0

[Event "Baku Open 2024"]
[Site "Baku"]
[Date "2024.07.06"]
[Round "8.41"]
[White "Wagh Suyog"]
[Black "Ravshanov, Sheralijon"]
[Result "1/2-1/2"]
[WhiteElo "2230"]
[BlackElo "2072"]
[Annotator "TA"]
[PlyCount "42"]
[EventDate "2024.06.29"]
[EventType "swiss"]
[EventCountry "AZE"]
[SourceTitle "playchess.com"]
[Source "ChessBase"]
[SourceQuality "1"]

1. d4 Nf6 2. c4 g6 3. Nf3 Bg7 4. g3 d5 5. cxd5 Nxd5 6. Bg2 O-O 7. O-O c5 8. e4 Nf6 9. e5 Nd5 10. dxc5 Na6 11. a3 Nxc5 12. b4 Ne6 13. Bb2 Nb6 14. Qb3 Bd7 15. Nc3 Bc6 16. Qa2 Qd3 17. Rfe1 Bxf3 18. Re3 Qc4 19. Bxf3 Qxa2 20. Rxa2 Nc4 21. Re1 Nxe5 1/2-1/2

[Event "Baku Open 2024"]
[Site "Baku"]
[Date "2024.07.06"]
[Round "8.42"]
[White "Lyutsinger, Iren"]
[Black "Bizhigitov, Zhangir"]
[Result "0-1"]
[WhiteElo "2069"]
[BlackElo "2212"]
[Annotator "TA"]
[PlyCount "100"]
[EventDate "2024.06.29"]
[EventType "swiss"]
[EventCountry "AZE"]
[SourceTitle "playchess.com"]
[Source "ChessBase"]
[SourceQuality "1"]

1. e4 e5 2. Nf3 Nc6 3. Bb5 a6 4. Ba4 Nge7 5. Nc3 Ng6 6. h4 h5 7. d4 exd4 8. Nd5 Bc5 9. O-O b5 10. Bb3 d6 11. a4 Rb8 12. axb5 axb5 13. Bg5 f6 14. Bf4 Bg4 15. Qd3 Nce5 16. Bxe5 fxe5 17. Ng5 c6 18. Nc7+ Qxc7 19. Bf7+ Qxf7 20. Nxf7 Kxf7 21. g3 Rhf8 22. f3 Be6 23. b3 Kg8 24. Ra6 Ne7 25. f4 exf4 26. gxf4 d5 27. b4 dxe4 28. Qxe4 Bd5 29. Qe5 Bxb4 30. f5 d3 31. cxd3 Rbe8 32. f6 Ng6 33. Qd4 Bd2 34. Kh2 Re2+ 35. Rf2 Be3 36. Qxd5+ cxd5 37. Rxe2 Bf4+ 38. Kh1 Rxf6 39. Rxf6 gxf6 40. Rb2 Kf7 41. Rxb5 Ke6 42. Rb4 Bd6 43. Ra4 Nf4 44. d4 Ng6 45. Ra8 Nxh4 46. Rh8 Nf5 47. Kg2 h4 48. Re8+ Kd7 49. Rh8 Bg3 50. Rf8 Ke7 0-1

[Event "Baku Open 2024"]
[Site "Baku"]
[Date "2024.07.07"]
[Round "9.1"]
[White "Puranik, Abhimanyu"]
[Black "Aditya Mittal"]
[Result "1/2-1/2"]
[WhiteElo "2632"]
[BlackElo "2595"]
[Annotator "TA"]
[PlyCount "39"]
[EventDate "2024.06.29"]
[EventType "swiss"]
[EventCountry "AZE"]
[SourceTitle "playchess.com"]
[Source "ChessBase"]
[SourceQuality "1"]

1. e4 c5 2. Nf3 d6 3. d4 cxd4 4. Nxd4 Nf6 5. Nc3 e5 6. Bb5+ Nbd7 7. Nf5 a6 8. Ba4 b5 9. Bb3 Nc5 10. Bg5 Bxf5 11. exf5 Be7 12. Bxf6 Bxf6 13. O-O O-O 14. Re1 e4 15. Nxe4 Nxe4 16. Rxe4 Bxb2 17. Rb1 Qf6 18. Qh5 Bc3 19. g3 Rae8 20. Rxe8 1/2-1/2

[Event "Baku Open 2024"]
[Site "Baku"]
[Date "2024.07.07"]
[Round "9.2"]
[White "Assaubayeva, Bibisara"]
[Black "Movahed, Sina"]
[Result "1/2-1/2"]
[WhiteElo "2472"]
[BlackElo "2482"]
[Annotator "TA"]
[PlyCount "48"]
[EventDate "2024.06.29"]
[EventType "swiss"]
[EventCountry "AZE"]
[SourceTitle "playchess.com"]
[Source "ChessBase"]
[SourceQuality "1"]

1. c4 e6 2. Nc3 d5 3. d4 c6 4. e4 dxe4 5. Nxe4 Bb4+ 6. Nc3 Nf6 7. Nf3 O-O 8. a3 Bxc3+ 9. bxc3 Qa5 10. Be2 Nbd7 11. O-O e5 12. Qc2 Re8 13. c5 b6 14. cxb6 axb6 15. Bb2 e4 16. Nd2 Qg5 17. Nc4 Ba6 18. Bc1 Qg6 19. Ne3 Bd3 20. Bxd3 exd3 21. Qb1 Nd5 22. Nxd5 cxd5 23. Be3 Rec8 24. Bd2 Nf6 1/2-1/2

[Event "Baku Open 2024"]
[Site "Baku"]
[Date "2024.07.07"]
[Round "9.4"]
[White "Manafov, Vugar"]
[Black "Suleymanli, Aydin"]
[Result "1/2-1/2"]
[WhiteElo "2430"]
[BlackElo "2626"]
[Annotator "TA"]
[PlyCount "91"]
[EventDate "2024.06.29"]
[EventType "swiss"]
[EventCountry "AZE"]
[SourceTitle "playchess.com"]
[Source "ChessBase"]
[SourceQuality "1"]

1. d4 Nf6 2. Nf3 d5 3. c4 e6 4. Nc3 Nbd7 5. cxd5 exd5 6. Bf4 Nb6 7. e3 Bf5 8. Bd3 Bxd3 9. Qxd3 c6 10. O-O Be7 11. h3 O-O 12. e4 dxe4 13. Nxe4 Nxe4 14. Qxe4 Re8 15. Qc2 Nd5 16. Be5 Qd7 17. a3 f6 18. Bh2 Bd8 19. Rfe1 Bb6 20. Kf1 g5 21. Qd3 Ne7 22. Re4 Nf5 23. Rae1 Rxe4 24. Rxe4 Rd8 25. h4 Nxd4 26. Nxd4 Bxd4 27. hxg5 Bxb2 28. Qb3+ Qd5 29. Rb4 Bxa3 30. Rxb7 fxg5 31. Qxd5+ Rxd5 32. Rxa7 Bd6 33. Bxd6 Rxd6 34. Ke2 h6 35. Rc7 Kf8 36. Ke3 Re6+ 37. Kd4 g4 38. Kc5 Re2 39. Rxc6 Rxf2 40. Rxh6 Kg7 41. Rh4 Rxg2 42. Kd4 Kg6 43. Ke3 Kg5 44. Rh8 Ra2 45. Rh7 Rb2 46. Rh8 1/2-1/2

[Event "Baku Open 2024"]
[Site "Baku"]
[Date "2024.07.07"]
[Round "9.5"]
[White "Abasov, Nijat"]
[Black "Ahmadzada, Ahmad"]
[Result "1/2-1/2"]
[WhiteElo "2621"]
[BlackElo "2481"]
[Annotator "TA"]
[PlyCount "43"]
[EventDate "2024.06.29"]
[EventType "swiss"]
[EventCountry "AZE"]
[SourceTitle "playchess.com"]
[Source "ChessBase"]
[SourceQuality "1"]

1. Nf3 Nf6 2. c4 e6 3. Nc3 d5 4. e3 Nbd7 5. b3 Be7 6. Bb2 O-O 7. Qc2 c5 8. cxd5 exd5 9. d4 b6 10. Be2 Bb7 11. O-O Rc8 12. dxc5 bxc5 13. Rfd1 Bd6 14. Qf5 Qe7 15. Rd2 Qe6 16. Qg5 Be7 17. Qf4 h6 18. Rad1 Bd6 19. Qh4 Be7 20. Qf4 Bd6 21. Qh4 Be7 22. Qf4 1/2-1/2

[Event "Baku Open 2024"]
[Site "Baku"]
[Date "2024.07.07"]
[Round "9.6"]
[White "Muradli, Mahammad"]
[Black "Shuvalova, Polina"]
[Result "0-1"]
[WhiteElo "2575"]
[BlackElo "2467"]
[Annotator "TA"]
[PlyCount "120"]
[EventDate "2024.06.29"]
[EventType "swiss"]
[EventCountry "AZE"]
[SourceTitle "playchess.com"]
[Source "ChessBase"]
[SourceQuality "1"]

1. d4 Nf6 2. c4 e6 3. Nf3 d5 4. Nc3 Be7 5. cxd5 exd5 6. Bf4 c6 7. e3 Nh5 8. h3 Nxf4 9. exf4 Bd6 10. g3 O-O 11. Bd3 Nd7 12. Kf1 Nf6 13. Kg2 g6 14. Qd2 Nh5 15. Rae1 Qf6 16. Ne5 Be6 17. Ne2 Rae8 18. a3 Bc8 19. b4 Ng7 20. Ng1 Bf5 21. Ngf3 Qd8 22. Ng4 Bxd3 23. Nh6+ Kh8 24. Qxd3 f5 25. Ng5 Qf6 26. b5 Ne6 27. Rxe6 Rxe6 28. h4 Kg7 29. h5 Kxh6 30. hxg6+ Kxg6 31. Nxh7 Qe7 32. Nxf8+ Qxf8 33. bxc6 bxc6 34. Qd1 Kf6 35. Rh5 Ke7 36. Rh7+ Kd8 37. Rxa7 Bb8 38. Rb7 Kc8 39. Qb1 Bc7 40. a4 Re4 41. a5 Qa3 42. Ra7 Kd7 43. a6 Qa5 44. Ra8 Qe1 45. Qb7 Re7 46. Rh8 Qe4+ 47. Kh2 Qxd4 48. Qc8+ Kd6 49. Kg2 Qe4+ 50. Kh2 Qd4 51. Rh6+ Kc5 52. Kg2 Re2 53. Qf8+ Kb5 54. Qxf5 Qxf2+ 55. Kh3 Qh2+ 56. Kg4 Qxh6 57. Qd3+ Kb6 58. Qxe2 Qg6+ 59. Kh3 Qf5+ 60. Kg2 Bd6 0-1

[Event "Baku Open 2024"]
[Site "Baku"]
[Date "2024.07.07"]
[Round "9.7"]
[White "Babazada, Khazar"]
[Black "Asadli, Vugar"]
[Result "0-1"]
[WhiteElo "2468"]
[BlackElo "2560"]
[Annotator "TA"]
[PlyCount "78"]
[EventDate "2024.06.29"]
[EventType "swiss"]
[EventCountry "AZE"]
[SourceTitle "playchess.com"]
[Source "ChessBase"]
[SourceQuality "1"]

1. e4 e5 2. Nf3 Nc6 3. Bb5 a6 4. Ba4 Nf6 5. d3 d6 6. c3 g6 7. O-O Bg7 8. Re1 O-O 9. Nbd2 h6 10. h3 Re8 11. Nf1 b5 12. Bb3 Na5 13. Bc2 c5 14. Ng3 d5 15. a4 b4 16. cxb4 cxb4 17. d4 Bb7 18. Nxe5 dxe4 19. Bf4 Rc8 20. Rc1 Nd5 21. Bd2 Nc4 22. Nxc4 Rxc4 23. Rxe4 Rxe4 24. Bxe4 Rxd4 25. Qe2 h5 26. Be3 Rxe4 27. Nxe4 Nxe3 28. Qxe3 Qd5 29. Re1 f5 30. Qg3 fxe4 31. Qxg6 Kf8 32. Rc1 Bxb2 33. Qh6+ Bg7 34. Qf4+ Kg8 35. Rc7 e3 36. Qg3 exf2+ 37. Kxf2 Qd2+ 38. Kg1 Qd4+ 39. Kh2 h4 0-1

[Event "Baku Open 2024"]
[Site "Baku"]
[Date "2024.07.07"]
[Round "9.8"]
[White "Zverev, Lev"]
[Black "Samadov, Read"]
[Result "0-1"]
[WhiteElo "2416"]
[BlackElo "2503"]
[Annotator "TA"]
[PlyCount "60"]
[EventDate "2024.06.29"]
[EventType "swiss"]
[EventCountry "AZE"]
[SourceTitle "playchess.com"]
[Source "ChessBase"]
[SourceQuality "1"]

1. e4 c5 2. Nf3 d6 3. d4 cxd4 4. Nxd4 Nf6 5. Nc3 a6 6. h3 e6 7. g4 h6 8. Bg2 Be7 9. h4 Nc6 10. g5 hxg5 11. hxg5 Rxh1+ 12. Bxh1 Nh7 13. g6 fxg6 14. Nxc6 bxc6 15. Qd3 e5 16. Bd2 Be6 17. O-O-O Nf6 18. f4 Qb6 19. fxe5 dxe5 20. Qg3 Ng4 21. Qh3 Qf2 22. Qh8+ Qf8 23. Qh3 Qf2 24. Qh8+ Bf8 25. Bg5 Ne3 26. Bxe3 Qxe3+ 27. Kb1 Qh6 28. Qxh6 gxh6 29. Bf3 Rd8 30. Rg1 Kf7 0-1

[Event "Baku Open 2024"]
[Site "Baku"]
[Date "2024.07.07"]
[Round "9.9"]
[White "Yeletsky, Ivan"]
[Black "Ilamparthi A R"]
[Result "0-1"]
[WhiteElo "2498"]
[BlackElo "2446"]
[Annotator "TA"]
[PlyCount "80"]
[EventDate "2024.06.29"]
[EventType "swiss"]
[EventCountry "AZE"]
[SourceTitle "playchess.com"]
[Source "ChessBase"]
[SourceQuality "1"]

1. d4 d5 2. c4 e6 3. Nf3 Nf6 4. g3 Be7 5. Bg2 Ne4 6. Nc3 f5 7. Qc2 c6 8. Rb1 a5 9. O-O Nd7 10. a3 O-O 11. Nd2 Bf6 12. Ndxe4 fxe4 13. Rd1 Nb6 14. c5 Nd7 15. Bf4 Qe8 16. Bd6 Be7 17. Bxe7 Qxe7 18. f3 e5 19. Na4 exf3 20. exf3 exd4 21. Rxd4 Ne5 22. Qe2 Qf6 23. Rf4 Bf5 24. g4 Bd3 25. Rxf6 Bxe2 26. Rxf8+ Rxf8 27. Re1 Nxf3+ 28. Bxf3 Bxf3 29. Re7 Bxg4 30. h4 Rd8 31. Kf2 Rd7 32. Re8+ Kf7 33. Rb8 Kg6 34. Nb6 Re7 35. Kg3 Kh5 36. a4 h6 37. Rg8 Rf7 38. Ra8 Rf3+ 39. Kg2 Kxh4 40. Rxa5 Rf4 0-1

[Event "Baku Open 2024"]
[Site "Baku"]
[Date "2024.07.07"]
[Round "9.11"]
[White "Pranav Vijay"]
[Black "Mamedov, Edgar"]
[Result "1-0"]
[WhiteElo "2252"]
[BlackElo "2410"]
[Annotator "TA"]
[PlyCount "53"]
[EventDate "2024.06.29"]
[EventType "swiss"]
[EventCountry "AZE"]
[SourceTitle "playchess.com"]
[Source "ChessBase"]
[SourceQuality "1"]

1. Nf3 d5 2. g3 b6 3. Bg2 Bb7 4. c4 dxc4 5. Na3 e6 6. Nxc4 Nd7 7. O-O Ngf6 8. Nce5 Qc8 9. d4 Bd6 10. Nc4 Be7 11. Bf4 Nd5 12. Bd2 O-O 13. Rc1 c5 14. dxc5 Nxc5 15. b4 Ne4 16. Nxb6 axb6 17. Rxc8 Rfxc8 18. Ne5 Nxd2 19. Bxd5 Bxd5 20. Qxd2 Rxa2 21. Qf4 f5 22. Nd7 Bd8 23. e4 Bc4 24. Rc1 Raa8 25. exf5 Bd5 26. Rxc8 Rxc8 27. fxe6 1-0

[Event "Baku Open 2024"]
[Site "Baku"]
[Date "2024.07.07"]
[Round "9.12"]
[White "Novozhilov, Semen"]
[Black "Gokerkan, Cem Kaan"]
[Result "1-0"]
[WhiteElo "2288"]
[BlackElo "2512"]
[Annotator "TA"]
[PlyCount "115"]
[EventDate "2024.06.29"]
[EventType "swiss"]
[EventCountry "AZE"]
[SourceTitle "playchess.com"]
[Source "ChessBase"]
[SourceQuality "1"]

1. d4 Nf6 2. c4 e6 3. Nf3 d5 4. g3 Be7 5. Bg2 O-O 6. O-O dxc4 7. Qc2 b5 8. a4 b4 9. Nfd2 Nd5 10. Nxc4 c5 11. dxc5 Bxc5 12. e4 Nb6 13. Rd1 N8d7 14. Ne5 a5 15. Bf4 Ba6 16. Bf1 Bxf1 17. Kxf1 Rc8 18. Qe2 Qe7 19. Nxd7 Nxd7 20. Nd2 e5 21. Be3 Qe6 22. Rac1 h6 23. Nc4 Nf6 24. Bxc5 Rxc5 25. b3 Rfc8 26. Rc2 Nd7 27. Kg2 R8c6 28. Rcd2 Nf6 29. f3 Qe7 30. Rd8+ Kh7 31. Qd3 Qc7 32. Ra8 Rxc4 33. bxc4 Rxc4 34. Rd2 Rc1 35. Rf2 Qc5 36. Rb8 Ra1 37. Qc2 Qe3 38. Qc8 Qg5 39. Qf5+ Qxf5 40. exf5 Rxa4 41. Rc2 g6 42. Rc6 Kg7 43. fxg6 Ra2+ 44. Kh3 Rf2 45. gxf7 Kxf7 46. Rb7+ Kg6 47. f4 exf4 48. g4 Rf3+ 49. Kh4 Rc3 50. Ra6 Rc8 51. Rbb6 Rf8 52. Rxa5 f3 53. Rf5 h5 54. Rxh5 f2 55. Rf5 Kg7 56. Rb7+ Kg6 57. Rg5+ Kh6 58. Rbg7 1-0

[Event "Baku Open 2024"]
[Site "Baku"]
[Date "2024.07.07"]
[Round "9.14"]
[White "Stribuk, Artiom"]
[Black "Akhilbay, Imangali"]
[Result "1-0"]
[WhiteElo "2422"]
[BlackElo "2303"]
[Annotator "TA"]
[PlyCount "67"]
[EventDate "2024.06.29"]
[EventType "swiss"]
[EventCountry "AZE"]
[SourceTitle "playchess.com"]
[Source "ChessBase"]
[SourceQuality "1"]

1. c4 e5 2. Nc3 Nf6 3. Nf3 Nc6 4. d3 h6 5. e3 g6 6. Be2 Bg7 7. O-O O-O 8. a3 a5 9. Qc2 d5 10. cxd5 Nxd5 11. Bd2 Nb6 12. b3 f5 13. Bc1 g5 14. Nd2 Be6 15. Rb1 g4 16. g3 h5 17. Re1 Rf7 18. Bf1 h4 19. Bb2 Bf8 20. Nc4 Bg7 21. Rbd1 Rd7 22. Nxb6 cxb6 23. d4 hxg3 24. d5 gxh2+ 25. Kh1 Rxd5 26. Bc4 Rxd1 27. Bxe6+ Kh8 28. Rxd1 Qh4 29. Qxf5 Bh6 30. Ne4 Rf8 31. Qxg4 Qe7 32. Rd7 Qe8 33. Bf5 Rf7 34. Qg6 1-0